000 00990nam a22002057a 4500
999 _c57280
_d57280
005 20200206154309.0
008 200206s2019en xxu||||| |||| 00| 0 eng d
020 _a9789941488078
041 _aeng
_hge
080 _a159.9 A-62
245 _aAnthology of THE SCIENTIFIC STUDIES Section ON PSYCHOLOGY :
_bVolume 1 : Number 1 : /
_cEdit. in Chif. Merab Khalvashi ; Sect. on psychol. Edit. Guram Chaganava.
264 _aBatumi :
_bshota rustaveli state universiti,
_c2019.
300 _a95 p .:
_btab .;
_c24 cm.
653 _aსამეცნიერო კვლევების სექციის ფსიქოლოგია
653 _aფსიქოლოგია
700 _aKhalvashi, Merab
_eმთავარი რედაქტორი
_96835
700 _aChaganava, Guram
_eფსიქოლოგიის სექციის რედაქტორი
_96836
710 _eBatumi shota Rustaveli State University
_96839
942 _2udc
_cBK